Loading...
| Fine Arts - Classical Music | 0 | 7 | 1 | 1 | 65 | 92 | 116.86 | 1 | 3 | 1.22 | 9.13 |
| Mythology | 0 | 5 | 1 | 1 | 45 | 65 | 99.40 | 0 | 3 | 13.18 | 26.44 |
| Literature - European | 0 | 4 | 0 | 2 | 40 | 76 | 120.50 | 0 | 1 | 12.25 | 36.22 |
| Fine Arts - Other | 0 | 3 | 0 | 0 | 30 | 109 | 122.67 | 0 | 1 | 6.96 | 28.42 |
| Social Science | 0 | 3 | 1 | 0 | 25 | 72 | 83.00 | 2 | 3 | 14.02 | 29.01 |
| History - American | 0 | 3 | 1 | 0 | 25 | 92 | 108.33 | 0 | 0 | 13.52 | 28.74 |
| Literature - British | 0 | 3 | 1 | 1 | 25 | 104 | 126.33 | 0 | 0 | 15.34 | 34.94 |
| History - European | 0 | 2 | 0 | 0 | 20 | 69 | 84.00 | 0 | 2 | 13.45 | 20.14 |
| Science - Physics | 0 | 2 | 0 | 1 | 20 | 109 | 111.50 | 0 | 0 | 1.76 | 13.89 |
| History - Other | 0 | 3 | 3 | 1 | 15 | 93 | 116.33 | 0 | 0 | 7.73 | 19.18 |
| History - World | 0 | 2 | 1 | 1 | 15 | 104 | 112.00 | 0 | 0 | 7.23 | 17.52 |
| Geography | 0 | 1 | 0 | 0 | 10 | 62 | 62.00 | 0 | 1 | 11.56 | 30.13 |
| Literature - World | 0 | 1 | 0 | 0 | 10 | 119 | 119.00 | 0 | 0 | 12.92 | 28.74 |
| Fine Arts - Painting and Sculpture | 0 | 1 | 0 | 0 | 10 | 102 | 102.00 | 0 | 0 | 11.10 | 22.06 |
| Philosophy | 0 | 1 | 0 | 0 | 10 | 108 | 108.00 | 0 | 0 | 6.34 | 10.90 |
| Pop Culture | 0 | 1 | 0 | 1 | 10 | 137 | 137.00 | 0 | 1 | 0.00 | 0.00 |
| Religion | 0 | 2 | 2 | 0 | 10 | 110 | 119.00 | 0 | 1 | 13.31 | 29.01 |
| Science - Biology | 0 | 1 | 0 | 0 | 10 | 134 | 134.00 | 0 | 0 | 4.09 | 13.09 |
| Science - Chemistry | 0 | 1 | 0 | 0 | 10 | 119 | 119.00 | 0 | 0 | 1.22 | 12.18 |
| Science - Other | 0 | 1 | 0 | 1 | 10 | 145 | 145.00 | 0 | 0 | 6.99 | 11.81 |
| Current Events | 0 | 1 | 0 | 0 | 10 | 97 | 97.00 | 0 | 0 | 0.00 | 0.00 |
| Literature - American | 0 | 0 | 1 | 0 | -5 | 0.00 | 0 | 0 | 16.61 | 30.56 |